000 00569nam a2200193Ia 4500
003 GCL
008 140319s9999 xx 000 0 eng d
020 _a0745629709
040 _aGCL /
_cGCL
082 0 4 _a382.9
_bS G
100 1 _aSCHIRM, STEFAN A.
245 1 0 _aGLOBALIZATION AND THE NEW REGIONALISM /
_cSCHIRM, STEFAN A.
260 _aانجلترا :
_bBLACK WELL PUBLISHERS ،
_c2002
300 _a20 CM ؛
_c234 P
650 0 4 _aINTERNATIONAL ECONOMIC RELATIONS
650 0 4 _aGLOBALIZATION
650 0 4 _aINTERNATIONAL ECONOMIC INTEGORATION
942 _2ddc
_cBK
999 _c5723
_d5723